000 01020nam a2200241 i 4500
001 53698
003 ES-MaACL
005 20250718184447.0
007 t|
008 960703s1900 sp |||| | spa d
100 1 _aFernández Duro, Cesáreo,
_d1830-1908
_949752
245 1 3 _aEl derecho a la ocupación de territorios en la costa occidental de África
_b: discutido en la Conferencia Internacional de París en los años de 1886 a 1891 /
_c[por Cesáreo Fernández Duro].
260 _aMadrid :
_b[s.n.],
_c1900 (
_fEstab. Tip. de Fortanet)
300 _a74 p. ;
_c23 cm.
530 _aDisponible en formato digital.
651 4 _aGuinea Ecuatorial-
_xColonización.
_98805
651 4 _aGuinea Ecuatorial-
_xFronteras.
_9161932
651 4 _aEspaña-
_xRelaciones-
_zFrancia.
_9146674
651 4 _aFrancia-
_xRelaciones-
_zEspaña.
_9146675
852 _aES-MaACL
_jT-1089-F-3
856 _uhttp://bdh-rd.bne.es/viewer.vm?id=0000092199&page=1
_zBiblioteca Digital Hispánica
999 _c53698
_d53698